000 01018cam a2200253 4500
001 ABS62351
008 000000n2000 000 0 eng u
035 _a(Sirsi) u106058
100 _aWard, C.
245 _aAct given teeth that can hurt
260 _c2000
490 _aValuer (ISVA)
_v69(3) May/June 2000, 22-23(2)
520 _aDiscusses how the Landlord and Tenant Act 1987, which stated that anyone selling the freehold of flats on long residential leases must first offer existing leaseholders an opportunity to buy, has affected the sale of flats above shops.
590 _aABS
650 _aLANDLORD AND TENANT ACT 1987
650 _aFLATS ABOVE SHOPS
650 _aLONG LEASES
650 _aPROPERTY-RESIDENTIAL PROPERTY-RESIDENTIAL LANDLORD AND TENANT-RESIDENTIAL LEASES
650 _aQUALIFYING TENANTS
650 _aAuctioneering
_96218
650 _aRIGHT OF FIRST REFUSAL
690 _aPROPERTY-RESIDENTIAL PROPERTY-RESIDENTIAL LANDLORD AND TENANT-RESIDENTIAL TENANCIES
942 _n0
999 _c63530
_d63530